Africa uprising: popular protest and political change (Record no. 83773)

MARC details
000 -LEADER
fixed length control field 00827nam a2200181 a 4500
008 - FIXED-LENGTH DATA ELEMENTS--GENERAL INFORMATION
fixed length control field 160819s2015 ||||||||||||||||| || u
020 ## - INTERNATIONAL STANDARD BOOK NUMBER
International Standard Book Number 9781780329970
050 ## - LIBRARY OF CONGRESS CALL NUMBER
Classification number JC 491 Bra
100 ## - MAIN ENTRY--PERSONAL NAME
Personal name Branch, Adam
245 10 - TITLE STATEMENT
Title Africa uprising: popular protest and political change
Statement of responsibility, etc. By Adam Branch and Zachariah Mampilly
260 ## - PUBLICATION, DISTRIBUTION, ETC.
Place of publication, distribution, etc. London
Name of publisher, distributor, etc. Zed Books
Date of publication, distribution, etc. 2015
300 ## - PHYSICAL DESCRIPTION
Extent xi, 251p.
650 ## - SUBJECT ADDED ENTRY--TOPICAL TERM
Topical term or geographic name entry element AFRICA--SOCIAL CONDITIONS--1960
650 #0 - SUBJECT ADDED ENTRY--TOPICAL TERM
Topical term or geographic name entry element AFRICA--POLITICS AND GOVERNMENT--1960
700 ## - ADDED ENTRY--PERSONAL NAME
Personal name Mampilly, Zachariah
995 ## -
-- SPECIAL COLLECTIONS
-- 747027
-- CBU-DAG HAMMARSKJOLD INSTITUTE LIBRARY
-- DAG JC 491 Bra
-- 2
-- AVAILABLE
-- Oct 31, 2016
-- 747027
-- DHIPS Book Collection
995 ## -
-- MAIN LIBRARY OPEN ACCESS
-- 746821
-- CBU-MAIN LIBRARY (Kitwe)
-- JC 491 Bra
-- 1
-- AVAILABLE
-- Oct 25, 2016
-- 746821
-- Main Library Open Access Collection
999 ## -
-- 83773
-- 83773
Holdings
Withdrawn status Lost status Source of classification or shelving scheme Damaged status Not for loan Permanent Location Current Location Shelving location Date acquired Total Checkouts Full call number Barcode Date last seen Copy number Price effective from Koha item type
          CBU-DAG HAMMARSKJOLD INSTITUTE CBU-DAG HAMMARSKJOLD INSTITUTE   01/08/2024   DAG JC 491 Bra 747027 01/08/2024 1 01/08/2024 SPECIAL COLLECTION
          CBU-MAIN LIBRARY, KITWE. CBU-MAIN LIBRARY, KITWE.   01/08/2024   JC 491 Bra 746821 01/08/2024 2 01/08/2024 MONOGRAPH